Air Jordan 10 - Statistics

General Stats
  • This quiz has been taken 9 times
  • The average score is 11 of 16
Answer Stats
Picture Answer % Correct
charlotte
100%
chicago
100%
NYC
100%
seattle
100%
shadow
100%
orlando
80%
steel
80%
woodland camo
80%
bulls over broadway
60%
cement
60%
i'm back
60%
sacramento
60%
red steel
40%
cool grey
20%
old royal
20%
lady liberty
0%
No matching quizzes found
Score Distribution
Percent of People with Each Score
Percentile by Number Answered
Your Score History
You have not taken this quiz